Wszystkie powiaty w Polsce na literę R - Statystyki

Ogólne statystyki
  • Ten quiz został rozwiązany 86 razy
  • Średni wynik to 13 z 16
Statystyki odpowiedzi
Podpowiedź Odpowiedź % Poprawnych
miasto Radom
96%
radomski
96%
miasto Rzeszów
96%
rzeszowski
95%
miasto Rybnik
90%
radomszczański
86%
rybnicki
86%
raciborski
82%
miasto Ruda Śląska
82%
rycki
75%
radziejowski
72%
rawicki
71%
rawski
66%
rypiński
66%
radzyński
56%
ropczycko-sędziszowski
53%
Nie znaleziono quizów pasujących do podanych kryteriów
Rozkład punktacji
Procent ludzi z każdym wynikiem
Percentyl według liczby udzielonych odpowiedzi
Twoja historia wyników
Nie rozwiązałeś tego quizu